| 000 | 00504nam a22001697a 4500 | ||
|---|---|---|---|
| 005 | 20180727125558.0 | ||
| 008 | 160513b xxu||||| |||| 00| 0 eng d | ||
| 020 | _a0-07-058115-0 | ||
| 041 | _aeng | ||
| 082 |
_b1951 _a658.3 |
||
| 100 |
_aMcshane ,Steven L. and Glinow, Mary Ann Von _94599 |
||
| 245 | _aOrganizational Behaviour:Emerging realities for the workplace revolution | ||
| 260 |
_aNew Delhi _bTata Mc Graw Hill Education P. Ltd., |
||
| 300 | _a690p, | ||
| 650 |
_aManagement _9241 |
||
| 942 | _cBK | ||
| 999 |
_c732 _d732 |
||